Normal view MARC view

Entry Personal Name

Number of records used in: 2

001 - CONTROL NUMBER

  • control field: 79954

003 - CONTROL NUMBER IDENTIFIER

  • control field: dpl

005 - DATE AND TIME OF LATEST TRANSACTION

  • control field: 20250326161342.0

008 - FIXED-LENGTH DATA ELEMENTS

  • fixed length control field: 250326|| aca||aabn | a|a d

040 ## - CATALOGING SOURCE

  • Original cataloging agency: dpl
  • Transcribing agency: dpl

100 ## - HEADING--PERSONAL NAME

  • Personal name: Subbulakshmi, K

670 ## - SOURCE DATA FOUND

  • Source citation: Work cat.: (dpl)210525: Subbulakshmi, K., Effect iof Bethathri Maharishi Simplified Physical Exercises on Selected Physiological and Biochemical Variables Among Middle aged Type2 Diabetic Homemakers/, 2019

© Delhi Public Library
Hit Counter
free hit counter